000 00943nas a2200337 4500
001 BR7700686
003 BR-BrBNA
005 20231205083050.0
007 ta
008 230509b bl.|||p| |||| 00| 00por d
040 _aBR-BrBNA
_bpor
_cBiblioteca Nacional de Agricultura
041 _a(Pt)
072 _aE70; E10
100 1 _aBarros, A.A.A. de
100 1 _aBrandt, S.A.
100 1 _aAad Neto, A.
100 1 _aRezende, A.M.
100 1 _aLadeira, H.H.
245 1 _aElasticidade-renda de qualidade, de dispendio e de demanda de carne bovina, em Sao Luis, Maranhao [Brasil]
650 _aCARNE
650 _aBOVINO
650 _aDEMANDA
650 _aCONSUMO
650 _aPRECO
650 _aRENDA
650 _aSAO LUIS
650 _aMARANHAO
773 0 _tRevista Ceres (Brazil)
_xISSN 0034-737X
_g(Jul 1976), v. 23(128) p. 241-254
_wBR7700686
909 _a202311
_bLúcia
_c55
_dLúcia Elande
942 _2AGRIS
_n0
_cANA
999 _c96155
_d96155